000 00408nam a2200133Ia 4500
008 220217s9999||||xx |||||||||||||| ||und||
020 _a978-0-07-058670-3
100 _aRiggs, James, L. Bedwerth, David, D. and Randhawa, Sabah, U
245 0 _aEngineering economics
250 _a4th
260 _aTata mcgraw hill company Ltd
_bNew Delhi
_c2010
300 _aXXI, 721p.
_b425
650 _aMATHEMATICS
999 _c179518
_d179518